Els sistemes electorals / (Record no. 136031)

MARC details
000 -LEADER
campo de control de longitud fija 00554nam a2200181 4500
001 - NÚMERO DE CONTROL
campo de control 136031
003 - IDENTIFICADOR DE NÚMERO DE CONTROL
campo de control ES-MaACL
005 - FECHA Y HORA DE LA ÚLTIMA TRANSACCIÓN
campo de control 20230906195023.0
007 - CAMPO FIJO DE DESCRIPCIÓN FÍSICA--INFORMACIÓN GENERAL
campo de control de longitud fija t|
008 - DATOS DE LONGITUD FIJA--INFORMACIÓN GENERAL
campo de control de longitud fija 070214s1977 sp r ||||1| cat d
100 1# - ENTRADA PRINCIPAL--NOMBRE DE PERSONA
Nombre de persona Rovira i Virgili, A.
9 (RLIN) 100148
245 14 - MENCIÓN DEL TÍTULO
Título Els sistemes electorals /
Mención de responsabilidad, etc. A. Rovira i Virgili ; próleg a cura de Jordi Sobrequés i Callico.
250 ## - MENCION DE EDICION
Mención de edición 2ª. ed.
260 ## - PUBLICACIÓN, DISTRIBUCIÓN, ETC.
Lugar de publicación, distribución, etc. Barcelona :
Nombre del editor, distribuidor, etc. Undarius,
Fecha de publicación, distribución, etc. 1977.
300 ## - DESCRIPCIÓN FÍSICA
Extensión 103 p. ;
Dimensiones 19 cm.
700 1# - ENTRADA AGREGADA--NOMBRE PERSONAL
Nombre de persona Sobrequés i Callico, Jordi.
9 (RLIN) 106998
852 ## - LOCALIZACIÓN
Ubicación ES-MaACL
Número de control de estantería A-6964
Sublocalización o colección R.95925
Holdings
Estatus retirado Estado de pérdida Estado de daño No para préstamo Biblioteca de origen Biblioteca actual Ubicación en estantería Fecha de adquisición Fuente de adquisición Total de préstamos Signatura topográfica completa Código de barras Visto por última vez Precio de reemplazo Tipo de ítem Koha
        Biblioteca del Ateneo de Madrid Biblioteca del Ateneo de Madrid Sala Pecera Planta 1 17/01/2008     A-6964 1141578 23/02/2023 23/02/2023 Libro impreso